1981 Los Angeles Dodgers - Statistics

General Stats
  • This quiz has been taken 197 times
  • The average score is 9 of 19
Answer Stats
Hint Answer % Correct
1B Steve Garvey
92%
3B Ron Cey
84%
SP Fernando Valenzuela
80%
2B Davey Lopes
72%
SS Bill Russell
68%
LF Dusty Baker
65%
C Mike Scioscia
50%
RF Pedro Guerrero
50%
Bench Reggie Smith
47%
Bench Rick Monday
45%
SP Bob Welch
41%
RP Steve Howe
39%
SP Jerry Reuss
38%
SP Burt Hooton
33%
CF Ken Landreaux
33%
Bench Jay Johnstone
17%
Bench Derrel Thomas
14%
RP Bobby Castillo
11%
RP Dave Goltz
10%
No matching quizzes found
Score Distribution
Percent of People with Each Score
Percentile by Number Answered
Your Score History
You have not taken this quiz